The Travels of Ibn Battuta

محفوظ في:

المؤلف الرئيسي: David DiMeo

مؤلفون آخرون: Inas Hassan

التنسيق: كتاب

اللغة: Undetermined

منشور في: Cairo American University in Cairo 2016

الموضوعات:

الوسوم: إضافة وسم

لا توجد وسوم, كن أول من يضع وسما على هذه التسجيلة!

رقم الطلب: On Hold

LEADER 00477nam a2200169Ia 4500
005 20260324113531.0
008 260324s9999||||xx |||||||||||||| ||und||
020 |a 978-9774167157 
050 4 |a On Hold 
100 0 |a David DiMeo  
245 1 4 |a The Travels of Ibn Battuta  |c David DiMeo  
264 1 |a Cairo  |b American University in Cairo  |c 2016 
300 |a 316 pages  |c 23 cm 
650 4 |a A Guided Arabic Reader 
650 4 |a Arabic language--Readers 
700 0 |a Inas Hassan 
999 |c 61923  |d 61923